| 000 | 03441nam a2200421 i 4500 | ||
|---|---|---|---|
| 001 | 193297 | ||
| 003 | SpMaBN | ||
| 005 | 20250712063137.0 | ||
| 007 | ta | ||
| 008 | 231004s2023 sp | |||| 000 0 spa | ||
| 017 |
_aAL 1675-2023 _bOficina Depósito Legal Almería |
||
| 020 | _a9788412725780 | ||
| 035 | _aa7362132 | ||
| 040 |
_aSpMaBN _bspa _cSpMaBN _erda |
||
| 080 | _2821.112.2-31"19" | ||
| 100 | 1 |
_aWeiss, Ernst, _4aut _9234400 _d1882-1940 _eaut |
|
| 245 | 1 | 3 |
_aEl médico de la prisión / _cErnst Weiss ; traducción del alemán a cargo de Carlos Fortea |
| 250 | _aPrimera edición en Ginger Ape Books&Films: junio de 2023 | ||
| 260 |
_a[Málaga] : _bGinger Ape Books&Films; _c2023 |
||
| 300 |
_a499 páginas, [4] páginas ; _c21 cm |
||
| 336 |
_aTexto _2rdacontent |
||
| 337 |
_asin mediación _2rdamedia |
||
| 338 |
_avolumen _2rdacarrier |
||
| 490 | 1 |
_aThompson&Thompson ; _v13 |
|
| 500 | 0 | _aEn solapa: "El médico de la prisión" es el tercero de los cuatro títulos que integran la colección "El mosaico de Europa: reinos desaparecidos" | |
| 520 | _aRudolf y Konrad son los huérfanos a que alude el otro título de esta novela: "Der Gefängnisarzt oder Die Vaterlosen" (El médico de la prisión o Los huérfanos), dos hermanos cuyas vidas vienen marcadas por el viaje al final de la noche de uno y la tormentosa odisea para rescatarlo del otro. Rudolf, un Goldmundo adicto a la cocaína y a las malas compañías, en fuga tras un tiroteo con la policía y principal sospechoso del asesinato de Jacob Zollikofer, antiguo industrial de guerra e importante comisionista del Estado. Y Konrad, un Narciso obligado a encarnar la figura del padre ausente, en dolorosa lucha consigo mismo y con sus seres queridos por encontrar un camino que, en palabras de Hermann Broch, lo lleve «desde lo intrincado e inexplicable hacia lo claro». Publicada en 1934, "El médico de la prisión" de Ernst Weiss (1882-1940) es tanto un informe sobre los bajos fondos del Berlín de la hiperinflación y el ocaso de Weimar (aunque hay quien piensa que pudiera ambientarse en Breslavia; el autor solo se refiere a la ciudad con la inicial B.), como una investigación criminal, un procedimiento legal, una crónica carcelaria, el expediente clínico de una desintoxicación, un drama familiar pero, sobre todo, una visión personal, arrebatada y amarga de la juventud de su época, los verdaderos perdedores de la historia; una mirada que enfrenta a esas fuerzas siniestras que alentaron la ominosa llegada de Hitler al poder y que no cae en la ceguera histórica que lo hizo posible. O como acertadamente señaló alguno de sus críticos: una novela profundamente humanista, incompatible con los principios que el Tercer Reich consideró válidos para las obras literarias "no degeneradas". | ||
| 655 | 7 |
_aNovelas históricas _2tgfbne _9226782 |
|
| 700 | 1 |
_aFortea, Carlos, _d1963- _etrl _951844 |
|
| 830 |
_9234428 _aThompson&Thompson |
||
| 852 |
_aES-MaACL _bR. 154701 _cDEPOJ _jN-9475 _9200736 _hDonación: Carlos Fortea _xEncuadernación rústica con solapas |
||
| 903 |
_aFortea, Carlos, _d1963- _ednr _951844 |
||
| 942 |
_n0 _cMONOGRAFIA |
||
| 999 |
_c193297 _d193297 |
||